Science Quiz

Random Science or Astronomy Quiz

The Only One: The Solar System Quiz Stats

 Plays Quiz Updated Apr 21, 2018

Score 0/12 Timer 04:00
35 Plays Today
% Correct
Pluto
92.5%
Mercury
90.2%
Uranus
88.2%
Earth
86.9%
Jupiter
86.4%
Dagobah
85.3%
Mars
77.6%
Neptune
77.1%
Ganymede
74.9%
Venus
73.8%
Saturn
73.6%
Ceres
65.5%

You're not logged in!

Compare scores with friends on all Sporcle quizzes.
OR
Log In

Sporcle TV

Today on Sporcle TV


Watch our educational content, quiz creation guides, and fun videos on Sporcle TV.

Show Comments

Extras

Top Quizzes Today


Score Distribution

Your Account Isn't Verified!

In order to create a playlist on Sporcle, you need to verify the email address you used during registration. Go to your Sporcle Settings to finish the process.

Report this User

Report this user for behavior that violates our Community Guidelines.

Details: